000 00250nam a2200097Ia 4500
001 1253734
005 20251031150959.0
008 251031s9999 xx 000 0 und d
245 0 _cREBECCA LISLE
_aX-2 TAŞ DEVRİ MODASI
260 _bİNDİGO YAYINLARI
999 _c1253734
_d1253734